<?xml version="1.0" encoding="UTF-8"?>
<record
    xmlns:xsi="http://www.w3.org/2001/XMLSchema-instance"
    xsi:schemaLocation="http://www.loc.gov/MARC21/slim http://www.loc.gov/standards/marcxml/schema/MARC21slim.xsd"
    xmlns="http://www.loc.gov/MARC21/slim">

  <leader>00422    a2200157   4500</leader>
  <controlfield tag="005">20250526145155.0</controlfield>
  <datafield tag="020" ind1=" " ind2=" ">
    <subfield code="a">978-0-07-304902-1</subfield>
  </datafield>
  <datafield tag="082" ind1=" " ind2=" ">
    <subfield code="a">658.8 GRE</subfield>
  </datafield>
  <datafield tag="100" ind1=" " ind2=" ">
    <subfield code="a">GREWAL, D.</subfield>
  </datafield>
  <datafield tag="245" ind1=" " ind2=" ">
    <subfield code="a">Marketing.</subfield>
  </datafield>
  <datafield tag="260" ind1=" " ind2=" ">
    <subfield code="a">New York,</subfield>
    <subfield code="b">McGraw-Hill,</subfield>
    <subfield code="c">2008.</subfield>
  </datafield>
  <datafield tag="300" ind1=" " ind2=" ">
    <subfield code="a">xxxiii, 599p.: ill.; picture</subfield>
    <subfield code="b">Glossary &amp; Index</subfield>
    <subfield code="c">26cm</subfield>
  </datafield>
  <datafield tag="700" ind1=" " ind2=" ">
    <subfield code="a">LEVY, M.</subfield>
  </datafield>
  <datafield tag="856" ind1=" " ind2=" ">
    <subfield code="y">Access Online Book</subfield>
    <subfield code="f">Marketing</subfield>
    <subfield code="d">www.mhhe.com</subfield>
  </datafield>
  <datafield tag="942" ind1=" " ind2=" ">
    <subfield code="2">ddc</subfield>
    <subfield code="c">BKS</subfield>
  </datafield>
  <datafield tag="999" ind1=" " ind2=" ">
    <subfield code="c">2683</subfield>
    <subfield code="d">2683</subfield>
  </datafield>
  <datafield tag="952" ind1=" " ind2=" ">
    <subfield code="r">2025-05-26 14:55:08</subfield>
    <subfield code="l">0</subfield>
    <subfield code="o">658.8 GRE</subfield>
    <subfield code="p">00000010101</subfield>
    <subfield code="v">165000.00</subfield>
    <subfield code="w">2025-05-26</subfield>
    <subfield code="y">BKS</subfield>
    <subfield code="1">0</subfield>
    <subfield code="2">ddc</subfield>
    <subfield code="4">0</subfield>
    <subfield code="7">0</subfield>
    <subfield code="0">0</subfield>
    <subfield code="a">CBEML</subfield>
    <subfield code="b">CBEML</subfield>
    <subfield code="c">GEN</subfield>
    <subfield code="d">2021-09-07</subfield>
    <subfield code="g">55000.00</subfield>
  </datafield>
  <datafield tag="952" ind1=" " ind2=" ">
    <subfield code="r">2025-05-26 14:55:08</subfield>
    <subfield code="l">0</subfield>
    <subfield code="o">658.8 GRE</subfield>
    <subfield code="p">00000010102</subfield>
    <subfield code="v">165000.00</subfield>
    <subfield code="w">2025-05-26</subfield>
    <subfield code="y">BKS</subfield>
    <subfield code="1">0</subfield>
    <subfield code="2">ddc</subfield>
    <subfield code="4">0</subfield>
    <subfield code="7">0</subfield>
    <subfield code="0">0</subfield>
    <subfield code="a">CBEML</subfield>
    <subfield code="b">CBEML</subfield>
    <subfield code="c">GEN</subfield>
    <subfield code="d">2021-09-07</subfield>
    <subfield code="g">55000.00</subfield>
  </datafield>
  <datafield tag="952" ind1=" " ind2=" ">
    <subfield code="r">2025-05-26 14:55:08</subfield>
    <subfield code="l">0</subfield>
    <subfield code="o">658.8 GRE</subfield>
    <subfield code="p">00000010103</subfield>
    <subfield code="v">165000.00</subfield>
    <subfield code="w">2025-05-26</subfield>
    <subfield code="y">BKS</subfield>
    <subfield code="1">0</subfield>
    <subfield code="2">ddc</subfield>
    <subfield code="4">0</subfield>
    <subfield code="7">0</subfield>
    <subfield code="0">0</subfield>
    <subfield code="a">CBEML</subfield>
    <subfield code="b">CBEML</subfield>
    <subfield code="c">GEN</subfield>
    <subfield code="d">2021-09-07</subfield>
    <subfield code="g">55000.00</subfield>
  </datafield>
  <datafield tag="952" ind1=" " ind2=" ">
    <subfield code="r">2025-05-26 14:55:08</subfield>
    <subfield code="l">0</subfield>
    <subfield code="o">658.8 GRE</subfield>
    <subfield code="p">00000010104</subfield>
    <subfield code="v">165000.00</subfield>
    <subfield code="w">2025-05-26</subfield>
    <subfield code="y">BKS</subfield>
    <subfield code="1">0</subfield>
    <subfield code="2">ddc</subfield>
    <subfield code="4">0</subfield>
    <subfield code="7">0</subfield>
    <subfield code="0">0</subfield>
    <subfield code="a">CBEML</subfield>
    <subfield code="b">CBEML</subfield>
    <subfield code="c">GEN</subfield>
    <subfield code="d">2021-09-07</subfield>
    <subfield code="g">55000.00</subfield>
  </datafield>
  <datafield tag="952" ind1=" " ind2=" ">
    <subfield code="r">2025-05-26 14:55:08</subfield>
    <subfield code="l">0</subfield>
    <subfield code="o">658.8 GRE</subfield>
    <subfield code="p">00000010105</subfield>
    <subfield code="v">165000.00</subfield>
    <subfield code="w">2025-05-26</subfield>
    <subfield code="y">BKS</subfield>
    <subfield code="1">0</subfield>
    <subfield code="2">ddc</subfield>
    <subfield code="4">0</subfield>
    <subfield code="7">0</subfield>
    <subfield code="0">0</subfield>
    <subfield code="a">CBEML</subfield>
    <subfield code="b">CBEML</subfield>
    <subfield code="c">GEN</subfield>
    <subfield code="d">2021-09-07</subfield>
    <subfield code="g">55000.00</subfield>
  </datafield>
  <datafield tag="952" ind1=" " ind2=" ">
    <subfield code="r">2025-05-26 14:55:08</subfield>
    <subfield code="l">0</subfield>
    <subfield code="o">658.8 GRE</subfield>
    <subfield code="p">00000010106</subfield>
    <subfield code="v">165000.00</subfield>
    <subfield code="w">2025-05-26</subfield>
    <subfield code="y">BKS</subfield>
    <subfield code="1">0</subfield>
    <subfield code="2">ddc</subfield>
    <subfield code="4">0</subfield>
    <subfield code="7">0</subfield>
    <subfield code="0">0</subfield>
    <subfield code="a">CBEML</subfield>
    <subfield code="b">CBEML</subfield>
    <subfield code="c">GEN</subfield>
    <subfield code="d">2021-09-07</subfield>
    <subfield code="g">55000.00</subfield>
  </datafield>
  <datafield tag="952" ind1=" " ind2=" ">
    <subfield code="r">2025-05-26 14:55:08</subfield>
    <subfield code="l">0</subfield>
    <subfield code="o">658.8 GRE</subfield>
    <subfield code="p">00000010107</subfield>
    <subfield code="v">165000.00</subfield>
    <subfield code="w">2025-05-26</subfield>
    <subfield code="y">BKS</subfield>
    <subfield code="1">0</subfield>
    <subfield code="2">ddc</subfield>
    <subfield code="4">0</subfield>
    <subfield code="7">0</subfield>
    <subfield code="0">0</subfield>
    <subfield code="a">CBEML</subfield>
    <subfield code="b">CBEML</subfield>
    <subfield code="c">GEN</subfield>
    <subfield code="d">2021-09-07</subfield>
    <subfield code="g">55000.00</subfield>
  </datafield>
  <datafield tag="952" ind1=" " ind2=" ">
    <subfield code="r">2025-05-26 14:55:08</subfield>
    <subfield code="l">0</subfield>
    <subfield code="o">658.8 GRE</subfield>
    <subfield code="p">00000010108</subfield>
    <subfield code="v">165000.00</subfield>
    <subfield code="w">2025-05-26</subfield>
    <subfield code="y">BKS</subfield>
    <subfield code="1">0</subfield>
    <subfield code="2">ddc</subfield>
    <subfield code="4">0</subfield>
    <subfield code="7">0</subfield>
    <subfield code="0">0</subfield>
    <subfield code="a">CBEML</subfield>
    <subfield code="b">CBEML</subfield>
    <subfield code="c">GEN</subfield>
    <subfield code="d">2021-09-07</subfield>
    <subfield code="g">55000.00</subfield>
  </datafield>
  <datafield tag="952" ind1=" " ind2=" ">
    <subfield code="r">2025-06-12 06:50:45</subfield>
    <subfield code="l">0</subfield>
    <subfield code="o">LECT 658.8 GRE</subfield>
    <subfield code="p">00000012635</subfield>
    <subfield code="v">165000.00</subfield>
    <subfield code="w">2025-06-12</subfield>
    <subfield code="y">BKS</subfield>
    <subfield code="1">0</subfield>
    <subfield code="2">ddc</subfield>
    <subfield code="4">0</subfield>
    <subfield code="7">0</subfield>
    <subfield code="0">0</subfield>
    <subfield code="a">CBEML</subfield>
    <subfield code="b">CBEML</subfield>
    <subfield code="c">GEN</subfield>
    <subfield code="d">2010-12-08</subfield>
    <subfield code="g">55000.00</subfield>
  </datafield>
  <datafield tag="952" ind1=" " ind2=" ">
    <subfield code="r">2025-06-12 06:50:45</subfield>
    <subfield code="l">0</subfield>
    <subfield code="o">LECT 658.8 GRE</subfield>
    <subfield code="p">00000012636</subfield>
    <subfield code="v">165000.00</subfield>
    <subfield code="w">2025-06-12</subfield>
    <subfield code="y">BKS</subfield>
    <subfield code="1">0</subfield>
    <subfield code="2">ddc</subfield>
    <subfield code="4">0</subfield>
    <subfield code="7">0</subfield>
    <subfield code="0">0</subfield>
    <subfield code="a">CBEML</subfield>
    <subfield code="b">CBEML</subfield>
    <subfield code="c">GEN</subfield>
    <subfield code="d">2010-12-08</subfield>
    <subfield code="g">55000.00</subfield>
  </datafield>
  <datafield tag="952" ind1=" " ind2=" ">
    <subfield code="r">2025-06-12 06:50:45</subfield>
    <subfield code="l">0</subfield>
    <subfield code="o">LECT 658.8 GRE</subfield>
    <subfield code="p">00000012637</subfield>
    <subfield code="v">165000.00</subfield>
    <subfield code="w">2025-06-12</subfield>
    <subfield code="y">BKS</subfield>
    <subfield code="1">0</subfield>
    <subfield code="2">ddc</subfield>
    <subfield code="4">0</subfield>
    <subfield code="7">0</subfield>
    <subfield code="0">0</subfield>
    <subfield code="a">CBEML</subfield>
    <subfield code="b">CBEML</subfield>
    <subfield code="c">GEN</subfield>
    <subfield code="d">2010-12-08</subfield>
    <subfield code="g">55000.00</subfield>
  </datafield>
</record>
